[Event "Druzynowe Mistrzostwa Polski Seniorow - II Liga"]
[Site "Szczyrk, CKiR Orle Gniazdo ul. Wrzosowa 28a "]
[Date "1899-12-30"]
[Round "2.69"]
[White "Sliwicki, Damian"]
[Black "Malecki, Rafal"]
[Result "1-0"]
[WhiteTitle "k"]
[BlackTitle "k+"]
[WhiteElo "2045"]
[BlackElo "2096"]

1. Nc3 Nf6 2. e4 d6 3. d4 g6 4. f4 Bg7 5. Nf3 O-O 6. Bd3 Bg4 7. h3 Bxf3 8. Qxf3
Nc6 9. Be3 Nd7 10. e5 Nb4 11. O-O-O c6 12. Kb1 Qc7 13. h4 Nxd3 14. Rxd3 f5 15.
h5 e6 16. hxg6 hxg6 17. d5 dxe5 18. dxe6 Nf6 19. Qg3 e4 20. Rdd1 Qe7 21. Qxg6
Qxe6 22. Rh3 Qe8 23. Qxf5 Qc8 24. Qc5 Qg4 25. Rdh1 Rad8 26. Rh4 Qe6 27. Qg5 b6
28. Qg6 1-0

[Event "Druzynowe Mistrzostwa Polski Seniorow - II Liga"]
[Site "Szczyrk, CKiR Orle Gniazdo ul. Wrzosowa 28a "]
[Date "1899-12-30"]
[Round "2.70"]
[White "Szajda, Marcin"]
[Black "Wisniewski, Przemyslaw"]
[Result "1/2-1/2"]
[WhiteTitle "I++"]
[BlackTitle "k"]
[WhiteElo "2104"]
[BlackElo "2021"]

1. c4 Nf6 2. g3 c6 3. Bg2 d5 4. Nf3 Bf5 5. O-O e6 6. d3 Be7 7. b3 O-O 8. Bb2 h6
9. Nc3 Nbd7 10. Re1 Bh7 11. Na4 Nb6 12. Nxb6 Qxb6 13. Bd4 Qc7 14. Qd2 Nd7 15.
Qb2 Bf6 16. e4 Bxd4 17. Nxd4 dxe4 18. dxe4 Rad8 19. Rad1 Qb6 20. e5 Nc5 21. Bf1
Rd7 22. Nc2 Rfd8 23. Ne3 Nd3 24. Bxd3 Rxd3 25. Qe2 Qc7 26. Rxd3 Rxd3 27. Rd1 Qd8
28. Rxd3 Qxd3 29. Qxd3 Bxd3 30. c5 f6 31. f4 Kf7 32. Kf2 fxe5 33. fxe5 g5 34.
Kf3 Kg6 35. h3 Bf5 36. Kg2 Be4+ 37. Kf2 Bf5 38. Kg2 Be4+ 39. Kf2 Bf5 40. Kg2 Be4+
1/2-1/2

[Event "Druzynowe Mistrzostwa Polski Seniorow - II Liga"]
[Site "Szczyrk, CKiR Orle Gniazdo ul. Wrzosowa 28a "]
[Date "1899-12-30"]
[Round "2.71"]
[White "Ciemniak, Krzysztof"]
[Black "Chmiel, Piotr"]
[Result "1-0"]
[WhiteTitle "I+"]
[BlackTitle "I+"]
[WhiteElo "1979"]
[BlackElo "1932"]

1. e4 e5 2. Nf3 Nc6 3. Nc3 g6 4. d4 exd4 5. Nxd4 Bg7 6. Nxc6 bxc6 7. Bc4 Qe7 8.
O-O d6 9. Qf3 Nh6 10. e5 d5 11. Bxd5 cxd5 12. Nxd5 Qd8 13. Bxh6 Bxh6 14. Nf6+
Kf8 15. Qxa8 Kg7 16. Qd5 Qe7 17. Rad1 Be6 18. Qd4 Rb8 19. Qxa7 Rb5 20. Qxc7 Qc5
21. Qxc5 Rxc5 22. f4 1-0

[Event "Druzynowe Mistrzostwa Polski Seniorow - II Liga"]
[Site "Szczyrk, CKiR Orle Gniazdo ul. Wrzosowa 28a "]
[Date "1899-12-30"]
[Round "2.72"]
[White "Chmiel, Dominika"]
[Black "Paprocka, Renata"]
[Result "1-0"]
[WhiteTitle "m"]
[BlackTitle "WFM"]
[WhiteElo "2172"]
[BlackElo "1985"]

1. e4 c5 2. Nf3 d6 3. d4 cxd4 4. Nxd4 Nf6 5. Nc3 g6 6. f3 Bg7 7. Be3 Nc6 8. Qd2
Nxd4 9. Bxd4 O-O 10. Bc4 Qa5 11. O-O-O Be6 12. Bb3 Rfc8 13. Kb1 Bxb3 14. cxb3
Rc6 15. g4 Rac8 16. h4 h5 17. Qg5 e5 18. Bf2 Ra6 19. a3 Rxc3 20. Be1 Rac6 21.
Bxc3 Rxc3 22. Qd2 hxg4 23. Qxc3 Qxc3 24. bxc3 gxf3 25. Rhe1 f2 26. Re2 Ng4 27.
Rf1 Bf6 28. h5 Bh4 29. hxg6 fxg6 30. Kc2 Kf7 31. Kd3 Ke6 32. c4 Kf6 33. Rd2 Ke6
34. Ke2 Nf6 35. Kf3 g5 36. Rdxf2 g4+ 37. Ke3 Bg5+ 38. Kd3 g3 39. Rxf6+ Bxf6 40.
Rg1 Bh4 41. Ke2 a6 42. Kf3 b5 43. cxb5 axb5 44. Rd1 Bg5 45. Rd5 Bc1 46. a4 bxa4
47. bxa4 Kd7 48. Kxg3 Be3 49. Kg4 Kc6 50. Kf5 Kd7 51. a5 Kc6 52. Ke6 Bc5 53. Rd1
Kb5 54. Rxd6 Kxa5 55. Rd5 Kb6 56. Rxc5 Kxc5 57. Kxe5 Kc6 58. Ke6 Kc7 59. Ke7 1-0

[Event "Druzynowe Mistrzostwa Polski Seniorow - II Liga"]
[Site "Szczyrk, CKiR Orle Gniazdo ul. Wrzosowa 28a "]
[Date "1899-12-30"]
[Round "2.73"]
[White "Chojnacki, Slawomir"]
[Black "Barglowski, Filip"]
[Result "1/2-1/2"]
[WhiteTitle "k"]
[BlackTitle "FM"]
[WhiteElo "2241"]
[BlackElo "2303"]

1. d4 d5 2. Nf3 Bf5 3. Bf4 e6 4. e3 Nf6 5. Bd3 Bxd3 6. Qxd3 c6 7. O-O Bd6 8. Bxd6
Qxd6 9. c4 O-O 10. Nc3 Nbd7 11. a3 Rfe8 12. Rfd1 a5 13. h3 g6 14. b4 axb4 15.
c5 Qc7 16. axb4 e5 17. Qf1 exd4 18. Nxd4 Ne5 19. Rxa8 Rxa8 20. Ra1 Qc8 21. Qb1
Nfd7 22. Ra2 b6 23. cxb6 Nxb6 24. Qa1 Rxa2 25. Qxa2 Qb7 26. Qa5 Nbc4 27. Qd8+
Kg7 28. b5 cxb5 29. Ndxb5 Qa6 30. Kh2 h5 31. Nc7 Qc6 32. Ne8+ Kh6 33. Nxd5 Qd7
34. Qa8 Qc6 35. Qxc6 Nxc6 36. Ndf6 N6e5 37. h4 Nd3 38. Kg3 g5 39. hxg5+ Kxg5 40.
Ne4+ Kg6 41. N8d6 Nce5 42. f3 f5 43. Nd2 Kf6 44. N6c4 Ng6 45. f4 h4+ 46. Kf3 Ne1+
47. Kf2 Nd3+ 48. Ke2 Ngxf4+ 49. exf4 Nxf4+ 50. Kf3 h3 51. gxh3 1/2-1/2

[Event "Druzynowe Mistrzostwa Polski Seniorow - II Liga"]
[Site "Szczyrk, CKiR Orle Gniazdo ul. Wrzosowa 28a "]
[Date "1899-12-30"]
[Round "2.74"]
[White "Rozycki, Bartlomiej"]
[Black "Maciol, Ryszard"]
[Result "1-0"]
[WhiteTitle "k+"]
[BlackTitle "k"]
[WhiteElo "2055"]
[BlackElo "2201"]

1. d4 Nf6 2. Nf3 e6 3. c4 b6 4. a3 Bb7 5. Nc3 Be7 6. e3 O-O 7. Be2 d5 8. cxd5 Nxd5
9. O-O c5 10. Nxd5 Qxd5 11. dxc5 Qxc5 12. b4 Qf5 13. Bb2 Rd8 14. Qa4 Nc6 15. Rac1
Rac8 16. Ba6 Bxa6 17. Qxa6 Rc7 18. Rxc6 Rxc6 19. Qb7 Rcd6 20. Qxe7 Rd1 21. Bd4
Rxf1+ 22. Kxf1 Qd3+ 23. Ke1 Rc8 24. Qxf7+ Kxf7 25. Ne5+ Ke7 26. Nxd3 g6 27. Kd2
Kd6 28. e4 Rc4 29. Be5+ Kc6 30. f3 Kb5 31. a4+ Ka6 32. Bc3 Kb7 33. Ne5 Rc8 34.
f4 Rd8+ 35. Nd3 Rc8 36. g4 Rc4 37. Nf2 Rc8 38. f5 exf5 39. exf5 gxf5 40. gxf5
Kc6 41. Ne4 Rf8 42. f6 Kd5 43. Kd3 h6 44. Bd2 Rh8 45. h4 Ke5 46. Bc3+ Ke6 47.
Ng3 Rg8 48. Nh5 Rg4 49. Ng7+ Kf7 50. Nf5 Kf8 51. h5 Rg5 52. Ke4 Rxh5 53. Bd2 Rh2
54. Bf4 Re2+ 55. Kd5 Kf7 56. Be5 Rf2 57. Nd6+ Kf8 58. Ke6 h5 59. Ne4 Rf1 60. Ng3
1-0

[Event "Druzynowe Mistrzostwa Polski Seniorow - II Liga"]
[Site "Szczyrk, CKiR Orle Gniazdo ul. Wrzosowa 28a "]
[Date "1899-12-30"]
[Round "2.75"]
[White "Fudalej, Michal"]
[Black "Winiarski, Mikolaj"]
[Result "1-0"]
[WhiteTitle "FM"]
[BlackTitle "I+"]
[WhiteElo "2198"]
[BlackElo "2112"]

1. Nf3 Nf6 2. g3 g6 3. Bg2 Bg7 4. c4 c5 5. d4 cxd4 6. Nxd4 O-O 7. O-O Nc6 8. c5
Nh5 9. Nb3 a5 10. a4 d6 11. cxd6 exd6 12. Nc3 Be6 13. Be3 Qe7 14. Nd4 Nb4 15.
Qd2 Rac8 16. Ndb5 d5 17. Bb6 Ra8 18. Nc7 Rac8 19. N7xd5 Nxd5 20. Nxd5 Qd7 21.
Bxa5 Bxd5 22. Bxd5 Nf6 23. Bf3 b6 24. Bc3 Qf5 25. Rfd1 Qe6 26. Qd6 Qf5 27. Qxb6
h5 28. a5 Nd7 29. Qd6 Bxc3 30. bxc3 Ne5 31. Bb7 Rxc3 32. a6 Ng4 33. Qf4 Qb5 34.
Rab1 Qxe2 35. a7 Rc4 36. Qf3 1-0

[Event "Druzynowe Mistrzostwa Polski Seniorow - II Liga"]
[Site "Szczyrk, CKiR Orle Gniazdo ul. Wrzosowa 28a "]
[Date "1899-12-30"]
[Round "2.76"]
[White "Praczukowski, Stanislaw"]
[Black "Rzepka, Krzysztof"]
[Result "0-1"]
[WhiteTitle "I++"]
[BlackTitle "k"]
[WhiteElo "1961"]
[BlackElo "2195"]

1. e4 c5 2. Nf3 d6 3. d4 cxd4 4. Nxd4 Nf6 5. Nc3 a6 6. Bg5 e6 7. f4 b5 8. e5 dxe5
9. fxe5 Qc7 10. Qe2 Bb4 11. O-O-O Bxc3 12. exf6 gxf6 13. Bh6 Bxd4 14. Rxd4 Nc6
15. Rd2 Rg8 16. Qf2 Rg6 17. Be3 Qa5 18. Kb1 Nb4 19. a3 Nd5 20. Rxd5 exd5 21. Bd3
Be6 22. Bxg6 hxg6 23. Bb6 Qa4 24. Qxf6 Rc8 25. Rc1 Qc4 26. Ba5 Kd7 27. Bb4 Rc7
28. Qe7+ Kc8 29. Qf8+ Kb7 30. Ba5 Rd7 31. b3 Qc6 32. Be1 Qd6 33. Qh8 Rd8 34. Qd4
Qb6 35. Qf6 Rd7 36. Bf2 Qc6 37. Qd4 Bf5 38. g4 Be4 39. Bg3 Re7 40. Qf2 Rd7 41.
Qf4 Qc8 42. h4 a5 43. Qe3 Qc6 44. Qf4 Ka6 45. Qd2 Rd8 46. Bf2 Rc8 47. h5 gxh5
48. gxh5 Qc3 49. Qxc3 Rxc3 50. Kb2 Rh3 51. Rg1 Rxh5 52. Rg7 Bg6 53. Bg3 Rh8 54.
Kc3 Rh3 0-1

[Event "Druzynowe Mistrzostwa Polski Seniorow - II Liga"]
[Site "Szczyrk, CKiR Orle Gniazdo ul. Wrzosowa 28a "]
[Date "1899-12-30"]
[Round "2.77"]
[White "Bachorczyk, Marcin"]
[Black "Chylewski, Patryk"]
[Result "1-0"]
[WhiteTitle "I"]
[BlackTitle "I++"]
[WhiteElo "2089"]
[BlackElo "1965"]

1. e4 c5 2. g3 e6 3. Bg2 d5 4. Nc3 d4 5. Nce2 e5 6. d3 Bd6 7. f4 Nc6 8. Nf3 Nf6
9. O-O O-O 10. h3 Qc7 11. f5 c4 12. g4 cxd3 13. cxd3 Nb4 14. Ne1 h6 15. Ng3 Nh7
16. a3 Nc6 17. h4 Be7 18. Nf3 Qd8 19. g5 hxg5 20. hxg5 Nxg5 21. Nxg5 Bxg5 22.
Qg4 Bxc1 23. Raxc1 Qf6 24. Rf3 Qh6 25. Rc2 g6 26. Bf1 Qg7 27. Rg2 Ne7 28. Nh5
Qh8 29. Qh4 Nxf5 30. exf5 Bxf5 1-0

[Event "Druzynowe Mistrzostwa Polski Seniorow - II Liga"]
[Site "Szczyrk, CKiR Orle Gniazdo ul. Wrzosowa 28a "]
[Date "1899-12-30"]
[Round "2.78"]
[White "Herman, Monika"]
[Black "Botor, Michalina"]
[Result "1/2-1/2"]
[WhiteTitle "I++"]
[BlackTitle "I+"]
[WhiteElo "1728"]
[BlackElo "1767"]

1. e4 c6 2. d4 d5 3. Nc3 dxe4 4. Nxe4 Bf5 5. Ng3 Bg6 6. h4 h6 7. h5 Bh7 8. Nf3
Nd7 9. Bd3 Bxd3 10. Qxd3 e6 11. Bf4 Qa5+ 12. Bd2 Qc7 13. c4 Ngf6 14. Ne4 Nxe4
15. Qxe4 Nf6 16. Qe2 O-O-O 17. O-O-O Bd6 18. Ne5 Rhf8 19. Kb1 Nd7 20. f4 c5 21.
Nxd7 Rxd7 22. dxc5 Bxc5 23. g3 Rfd8 24. Bc3 Bd4 25. Bxd4 Rxd4 26. Rxd4 Rxd4 27.
b3 Qc6 28. Re1 Qd6 29. Kc2 Qa3 30. Kc3 Rd7 31. g4 Qa5+ 32. Kc2 Qxa2+ 33. Kc3 Qa5+
34. Kc2 Rd4 35. Qe3 Rxf4 36. Qxf4 Qxe1 37. Qxf7 Qe4+ 38. Kc3 Qe5+ 39. Kc2 Qf6
40. Qg8+ Kc7 41. Qe8 Qf2+ 42. Kc3 Qe3+ 43. Kc2 Qe4+ 44. Kc3 Qe5+ 45. Kc2 Qd6 46.
Qf7+ Qd7 47. Qf4+ Kb6 48. Qe5 a5 49. Qe3+ Kc6 50. Qe5 Qf7 51. Qe4+ Kc7 52. Qe5+
Kc8 53. Qc5+ Kb8 54. Qd6+ Kc8 55. Qc5+ Kb8 56. Qd6+ Ka7 57. Qd4+ b6 58. Kd2 Qc7
59. Kc3 Kb7 60. Qe4+ Qc6 61. Qf4 Qd7 62. Qe4+ Ka7 63. Qe5 Qf7 1/2-1/2

[Event "Druzynowe Mistrzostwa Polski Seniorow - II Liga"]
[Site "Szczyrk, CKiR Orle Gniazdo ul. Wrzosowa 28a "]
[Date "1899-12-30"]
[Round "2.79"]
[White "Snihur, Piotr"]
[Black "Kujawski, Adam"]
[Result "1/2-1/2"]
[WhiteTitle "k"]
[BlackTitle "k"]
[WhiteElo "2147"]
[BlackElo "2325"]

1. d4 Nf6 2. c4 c5 3. d5 e5 4. Nc3 d6 5. e4 Be7 6. f4 exf4 7. Bxf4 O-O 8. Nf3 Nbd7
9. Bd3 Ng4 10. O-O Nge5 11. Qd2 a6 12. a4 Bf6 13. Nd1 g6 14. Nf2 Qe7 15. Ra3 Rb8
16. Re1 Bg7 17. Rb3 f6 18. a5 Nf7 19. Bf1 Nde5 20. Rb6 Nd7 21. Rb3 Nde5 22. Rb6
Nd7 23. Rb3 Nde5 24. Rb6 Nd7 25. Rb3 Nde5 1/2-1/2

[Event "Druzynowe Mistrzostwa Polski Seniorow - II Liga"]
[Site "Szczyrk, CKiR Orle Gniazdo ul. Wrzosowa 28a "]
[Date "1899-12-30"]
[Round "2.80"]
[White "Brzezinski, Mateusz"]
[Black "Szadkowski, Kamil"]
[Result "0-1"]
[WhiteTitle "I++"]
[BlackTitle "k+"]
[WhiteElo "2148"]
[BlackElo "2219"]

1. d4 Nf6 2. c4 e6 3. Nc3 Bb4 4. f3 d5 5. a3 Bxc3+ 6. bxc3 O-O 7. cxd5 exd5 8.
e3 Bf5 9. Ne2 Nc6 10. g4 Be6 11. Ng3 Na5 12. Bd3 c5 13. g5 Ne8 14. f4 f5 15. gxf6
Nxf6 16. f5 Bf7 17. O-O Re8 18. Rb1 Qc7 19. Rb5 b6 20. dxc5 bxc5 21. Qa4 Nc4 22.
e4 Nb6 23. Qa5 c4 24. Bf4 Qd8 25. Bc2 Nxe4 26. Nxe4 dxe4 27. f6 Nd5 28. fxg7 Qxa5
29. Rxa5 Nxf4 30. Rxf4 e3 31. Kf1 Rad8 32. Rxa7 Bg6 33. Ba4 e2+ 34. Ke1 Bh5 35.
Rd4 Rb8 36. Bc2 Bg6 37. Rxc4 Bxc2 38. Rb4 Rbd8 39. Rd4 Rxd4 40. cxd4 Bd3 41. d5
Rb8 42. Re7 Rb1+ 43. Kd2 Rd1+ 0-1

[Event "Druzynowe Mistrzostwa Polski Seniorow - II Liga"]
[Site "Szczyrk, CKiR Orle Gniazdo ul. Wrzosowa 28a "]
[Date "1899-12-30"]
[Round "2.81"]
[White "Szadkowski, Krzysztof"]
[Black "Wisniewski, Adam"]
[Result "0-1"]
[WhiteTitle "k"]
[BlackTitle "I+"]
[WhiteElo "2138"]
[BlackElo "1954"]

1. e4 e6 2. d4 d5 3. Nd2 c5 4. exd5 Qxd5 5. Ngf3 cxd4 6. Bc4 Qd6 7. O-O Nf6 8.
Re1 Nc6 9. Ne4 Qd8 10. Bb5 Bd7 11. Bf4 Nxe4 12. Rxe4 Qb6 13. Nxd4 Bc5 14. Bxc6
Bxc6 15. Nxc6 Bxf2+ 16. Kf1 Qxc6 17. Qf3 Bb6 18. Be5 f6 19. Bc3 O-O 20. Rae1 e5
21. g3 f5 22. R4e3 f4 0-1

[Event "Druzynowe Mistrzostwa Polski Seniorow - II Liga"]
[Site "Szczyrk, CKiR Orle Gniazdo ul. Wrzosowa 28a "]
[Date "1899-12-30"]
[Round "2.82"]
[White "Stoppel, Mariusz"]
[Black "Kwiatkowski, Wiktor"]
[Result "1/2-1/2"]
[WhiteTitle "I+"]
[BlackTitle "I"]
[WhiteElo "2048"]
[BlackElo "1941"]

1. e4 c5 2. Nf3 d6 3. d4 cxd4 4. Qxd4 Bd7 5. c4 Nc6 6. Qd2 Nf6 7. Nc3 g6 8. Be2
Bg7 9. O-O O-O 10. Rb1 Qa5 11. b4 Qc7 12. h3 Rfc8 13. Qe3 h6 14. a3 Be6 15. Bb2
Nd7 16. Nd5 Bxd5 17. Bxg7 Kxg7 18. exd5 Nce5 19. Nd2 b5 20. c5 dxc5 21. Bxb5 cxb4
22. f4 Qc5 23. Qxc5 Rxc5 24. Rxb4 Rxd5 25. Ne4 a6 26. Ba4 a5 27. Rb7 Rd4 28. fxe5
Rxa4 29. Rxd7 Rxe4 30. Rxe7 Rf8 31. Rf3 g5 32. Kf2 Kg6 33. Rf6+ Kg7 34. Rf3 Kg6
35. g4 Kg7 36. Kg3 Kg6 37. Rf6+ Kg7 38. Rf3 Kg6 39. Rf6+ Kg7 40. Rf3 Kg6 41. Rf6+
1/2-1/2

[Event "Druzynowe Mistrzostwa Polski Seniorow - II Liga"]
[Site "Szczyrk, CKiR Orle Gniazdo ul. Wrzosowa 28a "]
[Date "1899-12-30"]
[Round "2.83"]
[White "Matlewski, Adam"]
[Black "Kroczka, Gromoslaw"]
[Result "0-1"]
[WhiteTitle "I"]
[BlackTitle "I"]
[WhiteElo "1659"]
[BlackElo "1775"]

1. d4 Nf6 2. c4 c5 3. d5 e6 4. g3 exd5 5. cxd5 g6 6. e4 Nxe4 7. Qe2 Qe7 8. Bg2
Nf6 9. Be3 d6 10. Nd2 Nbd7 11. Nc4 Ne5 12. Nxd6+ Qxd6 13. f4 Bg4 14. fxe5 Qxe5
15. Nf3 Bxf3 16. Bxf3 Nxd5 17. Bxd5 Qxd5 18. Bxc5+ Qe6 19. Qxe6+ fxe6 20. Bd4
Rg8 21. O-O-O Bg7 22. Be3 a6 23. Rd6 Rc8+ 24. Kb1 Rc6 25. Rxc6 bxc6 26. Rd1 Rf8
27. Rd6 Rf1+ 28. Kc2 Re1 29. Bd2 Re2 30. Kd3 Rxh2 31. Rxc6 Kd7 32. Rxa6 Bxb2 33.
Ra7+ Kc6 34. Ra6+ Kd5 35. Ra5+ Kc6 36. Ra6+ Kd7 37. Ra7+ Kd6 38. Ra6+ Ke5 39.
a4 Rg2 40. Be1 Kf5 41. Ke3 e5 42. Kf3 Rg1 43. Bf2 e4+ 44. Ke2 Ra1 45. Be3 Kg4
46. Bf4 Bd4 47. Re6 Ra2+ 48. Bd2 e3 49. Re4+ Kxg3 50. Rxd4 exd2 51. Rxd2 Rxa4
0-1

[Event "Druzynowe Mistrzostwa Polski Seniorow - II Liga"]
[Site "Szczyrk, CKiR Orle Gniazdo ul. Wrzosowa 28a "]
[Date "1899-12-30"]
[Round "2.84"]
[White "Humin, Julia"]
[Black "Tomaszewska, Luiza"]
[Result "0-1"]
[WhiteTitle "I"]
[BlackTitle "I++"]
[WhiteElo "1600"]
[BlackElo "1943"]

1. e4 c5 2. Nf3 d6 3. d4 cxd4 4. Nxd4 Nf6 5. Nc3 a6 6. Bg5 Nbd7 7. f4 b5 8. Qf3
Bb7 9. a3 Qb6 10. O-O-O e6 11. Bxf6 Nxf6 12. g4 Be7 13. h4 O-O 14. g5 Nd7 15.
f5 b4 16. axb4 d5 17. Bh3 dxe4 18. Nxe4 Qxb4 19. f6 Ne5 20. Qe2 Bd8 21. fxg7 Kxg7
22. Bxe6 fxe6 23. Nxe6+ Kg8 24. Nxf8 Bxe4 25. Rhf1 Rb8 26. c3 Qa4 27. Qh5 Qc2#
0-1

[Event "Druzynowe Mistrzostwa Polski Seniorow - II Liga"]
[Site "Szczyrk, CKiR Orle Gniazdo ul. Wrzosowa 28a "]
[Date "1899-12-30"]
[Round "2.85"]
[White "Myc, Marcin"]
[Black "Steczek, Marcin"]
[Result "0-1"]
[WhiteTitle "m"]
[BlackTitle "FM"]
[WhiteElo "2289"]
[BlackElo "2363"]

1. d4 Nf6 2. Nf3 e6 3. Bg5 Be7 4. Nbd2 d5 5. e3 O-O 6. Bd3 b6 7. Ne5 Bb7 8. O-O
c5 9. c3 Nbd7 10. f4 Nxe5 11. fxe5 Nd7 12. Bf4 f5 13. g4 g6 14. gxf5 exf5 15.
Nf3 Rc8 16. Bh6 Re8 17. Qe1 Bf8 18. Bg5 Qc7 19. Qh4 Bg7 20. Kf2 Nf8 21. Rg1 Qc6
22. Rg3 Rc7 23. Bh6 Bc8 24. Kg1 c4 25. Bc2 b5 26. Rf1 a5 27. a3 Qb6 28. Bxg7 Rxg7
29. Rg2 Ne6 30. Qh6 Rf8 31. Nh4 Qc7 32. Nf3 Qe7 33. h4 f4 34. Nh2 Nd8 35. Ng4
Bxg4 36. Rxg4 fxe3 37. Qxe3 Rxf1+ 38. Kxf1 Ne6 39. Kg2 h5 40. Rxg6 Qxh4 41. Rxg7+
Kxg7 42. Qg3+ Qxg3+ 43. Kxg3 b4 44. Bf5 bxc3 45. bxc3 Nc7 46. Bd7 Kf7 47. Kh4
Ke7 48. Bc6 Ke6 49. Kxh5 Kf5 50. e6 Ke4 51. e7 Kd3 52. e8=Q Nxe8 53. Bxe8 Kxc3
54. Kg4 Kb2 55. Kf4 c3 56. Bg6 Kxa3 57. Ke5 Kb2 58. Kxd5 a4 59. Kc6 a3 0-1

[Event "Druzynowe Mistrzostwa Polski Seniorow - II Liga"]
[Site "Szczyrk, CKiR Orle Gniazdo ul. Wrzosowa 28a "]
[Date "1899-12-30"]
[Round "2.86"]
[White "Meczynski, Waldemar"]
[Black "Kurpiewski, Slawomir"]
[Result "1-0"]
[WhiteTitle "k"]
[BlackTitle "k"]
[WhiteElo "2140"]
[BlackElo "2086"]

1. e4 e5 2. Nf3 Nc6 3. Bb5 a6 4. Ba4 Nf6 5. O-O Be7 6. Re1 b5 7. Bb3 O-O 8. d3
d6 9. a3 Re8 10. Ng5 Rf8 11. f4 h6 12. Nf3 Bg4 13. Nc3 Nd4 14. Ba2 Nh5 15. f5
Bh4 16. Rf1 Nxf3+ 17. gxf3 Bh3 18. Re1 Bxe1 19. Qxe1 Nf4 20. Bxf4 exf4 21. Kh1
Kh8 22. Nd5 g5 23. Qc3+ f6 24. Qxc7 Qxc7 25. Nxc7 Ra7 26. Ne6 Rc8 27. c3 Rb8 28.
Bd5 a5 29. Kg1 Ra6 30. Kf2 Rab6 31. Ke2 Kh7 32. Rg1 Ra6 33. b3 Ra7 34. Kd2 Rc8
35. Nd4 b4 36. cxb4 axb4 37. a4 Rac7 38. Bc4 Rc5 39. Ne6 Ra5 40. Nd4 Rac5 41.
Ra1 Ra5 42. Be6 Re8 43. Nc6 Raa8 44. Nxb4 Rxe6 45. fxe6 Bxe6 46. Nd5 Rb8 47. Kc3
f5 48. a5 h5 49. a6 Bc8 50. a7 Ra8 51. Nb6 Bb7 52. Nxa8 Bxa8 53. Kd2 g4 54. Ke2
fxe4 55. dxe4 d5 56. exd5 Kg6 57. h3 g3 58. Ra6+ Kg5 59. Kf1 Kh4 60. Kg2 1-0

[Event "Druzynowe Mistrzostwa Polski Seniorow - II Liga"]
[Site "Szczyrk, CKiR Orle Gniazdo ul. Wrzosowa 28a "]
[Date "1899-12-30"]
[Round "2.87"]
[White "Lukasik, Adam"]
[Black "Smagalski, Slawomir"]
[Result "0-1"]
[WhiteTitle "I"]
[BlackTitle "I+"]
[WhiteElo "1968"]
[BlackElo "1973"]

1. Nf3 Nf6 2. d4 e6 3. c4 b6 4. a3 Bb7 5. Nc3 Be7 6. d5 exd5 7. cxd5 d6 8. e4 O-O
9. Bd3 Nbd7 10. O-O Re8 11. h3 h6 12. Bf4 Bf8 13. Re1 a6 14. Qd2 Ne5 15. Nxe5
dxe5 16. Be3 c6 17. dxc6 Bxc6 18. Rac1 Qb8 19. f3 Qb7 20. Qf2 b5 21. g4 Nh7 22.
Red1 Be7 23. Bb1 Bg5 24. Ba2 Bxe3 25. Qxe3 Ng5 26. Kg2 Ne6 27. Bxe6 Rxe6 28. Nd5
Kh8 29. Rc3 Rd8 30. Rcd3 Red6 31. Nb4 Rxd3 32. Rxd3 Rc8 33. Qd2 Kh7 34. Rd6 a5
35. Nd3 Qe7 36. Nc5 b4 37. axb4 axb4 38. Na6 b3 39. Nb4 Qb7 40. Kg3 f6 41. Nxc6
Rxc6 42. Qd5 Qb6 43. Rd7 Rc2 44. Kh4 Rh2 45. g5 Qf2+ 46. Kg4 Qg2+ 47. Kf5 Qxh3#
0-1

[Event "Druzynowe Mistrzostwa Polski Seniorow - II Liga"]
[Site "Szczyrk, CKiR Orle Gniazdo ul. Wrzosowa 28a "]
[Date "1899-12-30"]
[Round "2.88"]
[White "Walaszczyk, Witold"]
[Black "Baranski, Miroslaw"]
[Result "1-0"]
[WhiteTitle "k"]
[BlackTitle "I"]
[WhiteElo "2155"]
[BlackElo "1818"]

1. d4 d5 2. Nf3 Nf6 3. g3 e6 4. Bg2 Be7 5. c4 O-O 6. O-O c6 7. b3 b6 8. Bb2 Nbd7
9. Qc2 Bb7 10. Nbd2 Rc8 11. e4 Nxe4 12. Nxe4 dxe4 13. Qxe4 Nf6 14. Qc2 c5 15.
Rad1 Qc7 16. dxc5 Be4 17. Qe2 Qxc5 18. Bd4 Qa5 19. a3 Qxa3 20. Bxf6 Bxf3 21. Bxe7
Bxe2 22. Bxa3 Bxf1 23. Kxf1 Rfd8 24. Ke2 f6 25. Rxd8+ Rxd8 26. b4 Rd4 27. c5 bxc5
28. bxc5 Ra4 29. Bc1 Ra2+ 30. Bd2 Rc2 31. c6 Kf7 32. Ke3 Rxd2 33. Kxd2 Ke7 34.
Kc3 Kd6 35. Kb4 f5 36. f4 g5 37. Kb5 1-0

[Event "Druzynowe Mistrzostwa Polski Seniorow - II Liga"]
[Site "Szczyrk, CKiR Orle Gniazdo ul. Wrzosowa 28a "]
[Date "1899-12-30"]
[Round "2.89"]
[White "Czapla, Andrzej"]
[Black "Swiatnicki, Andrzej"]
[Result "0-1"]
[WhiteTitle "I"]
[BlackTitle "k"]
[WhiteElo "1937"]
[BlackElo "2105"]

1. d4 d5 2. Bf4 Nf6 3. e3 Bg4 4. Nf3 e6 5. Nbd2 Bd6 6. Bg3 O-O 7. Be2 c6 8. c3
Qc7 9. O-O Bxg3 10. hxg3 Nbd7 11. Re1 Rfe8 12. Rc1 e5 13. dxe5 Nxe5 14. Nxe5 Bxe2
15. Qxe2 Qxe5 16. b3 Rad8 17. Red1 Qf5 18. Nf1 Re6 19. Rd4 Ne4 20. c4 Rh6 21.
f3 Qh5 22. Rxe4 dxe4 23. Rd1 Rhd6 24. Rxd6 Rxd6 25. g4 Qe5 26. f4 Qc3 27. Kh2
Rd3 28. g5 g6 29. Qg4 Qe1 30. Qc8+ Kg7 31. f5 Qh4+ 32. Kg1 Qxg5 33. fxg6 hxg6
34. Qxb7 Rd1 0-1

[Event "Druzynowe Mistrzostwa Polski Seniorow - II Liga"]
[Site "Szczyrk, CKiR Orle Gniazdo ul. Wrzosowa 28a "]
[Date "1899-12-30"]
[Round "2.90"]
[White "Bukowska, Katarzyna"]
[Black "Waszczuk, Patrycja"]
[Result "1/2-1/2"]
[WhiteTitle "k++"]
[BlackTitle "I"]
[WhiteElo "1887"]
[BlackElo "1565"]

1. e4 c5 2. Nf3 a6 3. Be2 d6 4. d4 cxd4 5. Nxd4 Nf6 6. Nc3 e5 7. Nb3 Nc6 8. O-O
Be7 9. a4 Be6 10. Be3 O-O 11. Kh1 d5 12. exd5 Nxd5 13. Nxd5 Bxd5 14. c4 Be4 15.
Nc5 Bxc5 16. Bxc5 Re8 17. Ra3 Nd4 18. Bxd4 exd4 19. Rg3 Qd6 20. Bd3 Rad8 21. Qg4
Bg6 22. f4 f5 23. Bxf5 d3 24. Bxd3 Qxd3 25. Rxd3 Bxd3 26. Rg1 Bxc4 27. f5 Be2
28. Qb4 b5 29. Qh4 Bc4 30. h3 Rd7 31. Re1 Rxe1+ 32. Qxe1 Kf7 33. Qh4 Kg8 34. Qe4
Kf7 35. Qe5 bxa4 36. Qe4 Bb5 37. Qe6+ Kf8 38. Kh2 Re7 39. Qd6 Kf7 40. Kg3 Re3+
41. Kf4 Re2 42. Qc7+ Kf8 43. Qd8+ Kf7 44. Qd4 Rc2 45. Qe5 Re2 46. Qd5+ Kf8 47.
Qf3 Kf7 48. Qd5+ Kf8 1/2-1/2

[Event "Druzynowe Mistrzostwa Polski Seniorow - II Liga"]
[Site "Szczyrk, CKiR Orle Gniazdo ul. Wrzosowa 28a "]
[Date "1899-12-30"]
[Round "2.91"]
[White "Laszewicz, Pawel"]
[Black "Suliborski, Jakub"]
[Result "1/2-1/2"]
[WhiteTitle "k"]
[BlackTitle "I++"]
[WhiteElo "2103"]
[BlackElo "2063"]

1. e4 c5 2. Nf3 a6 3. c3 g6 4. d4 cxd4 5. cxd4 d5 6. e5 Nc6 7. h3 Bf5 8. Nc3 b5
9. Bd3 Bxd3 10. Qxd3 e6 11. O-O Bg7 12. Bg5 Qd7 13. a4 b4 14. Na2 h6 15. Bd2 Qb7
16. a5 Nge7 17. Nc1 O-O 18. Nb3 Rfc8 19. Rfc1 Qb5 20. Qxb5 axb5 21. g4 Kh7 22.
Ne1 f6 23. f4 g5 24. Nd3 gxf4 25. Bxf4 Ng6 26. exf6 Bxf6 27. Be3 e5 28. Rc5 e4
29. Ne1 Nge7 30. Rxb5 h5 31. g5 Rg8 32. h4 Nf5 33. Kf2 Bxd4 34. Nxd4 Nfxd4 35.
Bxd4 Nxd4 36. Rxd5 Rgf8+ 37. Ke3 Nf5+ 38. Kxe4 Rae8+ 39. Kd3 Nxh4 40. a6 Rf7 41.
Kc4 Nf5 42. Nc2 Kg6 43. Kb3 h4 44. Nxb4 h3 45. Rh1 Rh7 46. Rh2 Ne3 47. Rd3 Kxg5
48. Nd5 Nxd5 49. Rxd5+ Kg4 50. Rd3 Ra8 51. Rhxh3 Rxh3 52. Rxh3 Kxh3 53. Kc4 Rxa6
54. b4 Kg4 55. b5 Ra1 56. b6 Kf5 57. Kd5 Rb1 58. Kc6 Ke6 59. b7 1/2-1/2

[Event "Druzynowe Mistrzostwa Polski Seniorow - II Liga"]
[Site "Szczyrk, CKiR Orle Gniazdo ul. Wrzosowa 28a "]
[Date "1899-12-30"]
[Round "2.92"]
[White "Parol, Pawel"]
[Black "Machlowski, Slawomir"]
[Result "1-0"]
[WhiteTitle "I++"]
[BlackTitle "I+"]
[WhiteElo "2036"]
[BlackElo "2118"]

1. d4 c5 2. d5 e6 3. e4 exd5 4. exd5 d6 5. Nf3 Ne7 6. Nc3 Ng6 7. h4 Bg4 8. Qe2+
Be7 9. h5 Nf8 10. h6 g6 11. Ne4 Kd7 12. Nxc5+ Kc7 13. Bf4 b6 14. Nb3 Kb7 15. Qb5
a6 16. Na5+ Ka7 17. Qb4 Bxf3 18. gxf3 Nfd7 19. Nc4 Nc5 20. Be3 Nbd7 21. Qa3 Kb8
22. b4 Nb7 23. Qb3 f5 24. a4 Bf6 25. Rc1 Re8 26. Kd2 g5 27. a5 b5 28. Nb6 f4 29.
Nxd7+ Qxd7 30. Bb6 g4 31. c4 Rc8 32. cxb5 Rxc1 33. Kxc1 axb5 34. Qc2 Nd8 35. Bxb5
Qe7 36. Kb1 Qb7 37. Rc1 g3 38. Bc7+ Ka7 39. Bb6+ Kb8 40. fxg3 fxg3 41. Qf5 Be5
42. Bxd8 g2 43. Bb6 Qxb6 44. Qc8+ 1-0